000 00691nam a2200217 i 4500
001 84915
003 ES-MaACL
005 20230906175136.0
007 t|
008 041124s1952 sp ||||1| spa d
080 _a821.111-31"18"
100 1 _aJerome, Jerome K.
_966340
245 1 3 _aEl arte de cuidar y gobernar a las mujeres /
_cJerome Klapka Jerome ; traducción del inglés por Emilio M. Martínez Amador.
260 _a[Madrid :
_bAguilar,
_c1952] (
_fNebrija)
300 _a397 p. :
_bretr. aut. ;
_c12 cm.
490 1 _aCrisol ;
_v368
700 1 _aMartínez Amador, Emilio M.
_977852
830 1 _aCrisol ;
_v368
_9180848
852 4 _aES-MaACL
_jD-8519
999 _c84915
_d84915